000 01391nam a22003017a 4500
001 6036
003 FISKH
005 20250226112941.0
008 250226b cb ||||| |||| 00| 0 eng d
020 _a0553542079
040 _aFISKH
_beng
_cFISKH
_dFISKH
050 _aPZ7.B8344 M
082 _a813.54
100 _aBryant, Bonnie
_d(1943-)
245 _aPony tails :
_bMay's riding lesson /
_cBonnie Bryant ; Illustrated by Marcy Ramsey
250 _aThis edition first published in 1995
260 _aNew York :
_bA Skylark,
_c1995.
300 _a101 pages :
_billustrations ;
_c20 cm
505 _aL
520 _aJuvenile Fiction. HTML:There's more than one way to stop a bully Wil never misses a chance to pick on best friends Jasmine, May, and Corey about playing with their toy horses. Not only do the girls love their real ponies, they love to play with their toy ones, too. May decides it's time to teach Wil a lesson. But even though Jasmine's feelings are hurt, she wants May to leave Wil alone. When she begins helping Corey train her pony, Samurai, for the scavenger hunt at Pine Hollow Stables, she realizes there might be a better way to stop a bully.
521 8 _a510
_bLexile
521 8 _aL
_bRaz-Plus
650 _2Girls
_aHorses
650 _2Pony Tails
_aSaddle club
700 _aRamsey, Marcy
_dillustrator
942 _2ddc
_cBK
_n0
999 _c6036
_d6036